000 00988nam a22002777a 4500
005 20250416111235.0
008 250416b |||||||| |||| 00| 0 eng d
020 _a978-1-032-78077-1 (hbk)
037 _cTB
040 _aCRL
_cCRL
041 _2eng
_aeng
_hpun
084 _aO153:g 111R3
_qCRL
245 _aCritical discourse in Punjabi
260 _aLondon, UK:
_bRoutledge,
_c2024.
300 _ax, 407p.
365 _b1595.00
_cINR
490 _aCritical discourses in South Asia, (Editer) Avadhesh Kumar Singh
546 _aTranslated from Punjabi to English
650 _aPunjabi Literature
650 _aPunjabi Language
_91074
700 _aNayar, Rana (Editer)
_9752327
700 _aSaini, Alpna (Editer)
_9752328
700 _aBansal, Tania (Editer)
_9752329
942 _2CC
_cTB
_hO153:g 111R3
_n0
999 _c1309034
_d1309034